000 01285nam a2200325Ia 4500
001 ebr10424355
003 CaPaEBR
006 m u
007 cr cn|||||||||
008 060705s2006 enka sb 000 0 eng d
020 _z9781904879961 (hbk.)
020 _z1904879969 (hbk.)
040 _aCaPaEBR
_cCaPaEBR
035 _a(OCoLC)253945359
050 1 4 _aHF5415.32
_b.C86 2006eb
082 0 4 _a658.80082
_222
100 1 _aCunningham, Jane,
_d1969-
245 1 0 _aInside her pretty little head
_h[electronic resource] :
_ba new theory of female motivation and what it means for marketing /
_cJane Cunningham and Philippa Roberts.
260 _aLondon :
_bCyan,
_c2006.
300 _a247 p. :
_bill.
504 _aIncludes bibliographical references (p. 241-242).
533 _aElectronic reproduction.
_bPalo Alto, Calif. :
_cebrary,
_d2010.
_nAvailable via World Wide Web.
_nAccess may be limited to ebrary affiliated libraries.
650 0 _aMarketing.
650 0 _aBrand name products.
650 0 _aWomen consumers.
655 7 _aElectronic books.
_2local
700 1 _aRoberts, Philippa,
_d1966-
710 2 _aebrary, Inc.
856 4 0 _uhttp://site.ebrary.com/lib/rucke/Doc?id=10424355
_zAn electronic book accessible through the World Wide Web; click to view
999 _c143077
_d143077